| 000 | 00831nab a2200229 i 4500 | ||
|---|---|---|---|
| 001 | 193668 | ||
| 003 | ES-MaACL | ||
| 005 | 20250809063547.0 | ||
| 007 | t| | ||
| 008 | 240205s1917 sp ||||1| spa d | ||
| 040 |
_aES-MaACL _bspa |
||
| 245 | 0 | 3 | _aEl profesor Recasens en el Ateneo |
| 260 |
_a[Madrid] : _bNuevo Mundo, _c1917 |
||
| 300 |
_a1 página : _b1 retrato ; _c30 cm |
||
| 500 | _aFotocopia del artículo sobre la conferencia de Sebastián Recasens en el Ateneo de Madrid, publicado en la revista "Nuevo mundo", 28 de diciembre de 1917 | ||
| 600 | 1 | 4 |
_aRecasens y Girol, Sebastián, _995752 _d1863-1933 |
| 610 | 2 | 4 |
_aAteneo de Madrid- _vConferencias- _y1900-1939 _91907 |
| 852 | 4 |
_aES-MaACL _cDEPOF _j2347-F-40 _9201189 |
|
| 942 |
_2udc _cANAB _n0 |
||
| 999 |
_c193668 _d193668 |
||